[Event "Rheinland Pfalz-ch MT-A 26th"]
[Site "Ludwigshafen"]
[Date "2007.07.21"]
[Round "11"]
[White "Schenderowitsch, Michael"]
[Black "Gerstel, Uwe"]
[Result "1/2-1/2"]
[WhiteElo "2276"]
[BlackElo "2232"]
[PlyCount "30"]
[EventDate "2007.07.13"]
[EventType "tourn"]
[EventRounds "11"]
[EventCountry "GER"]
[SourceTitle "EXT 2008"]
[Source "ChessBase"]
[SourceDate "2007.11.25"]
[SourceVersion "1"]
[SourceVersionDate "2007.11.25"]
[SourceQuality "1"]

1. d4 Nf6 2. c4 e6 3. Nf3 c5 4. d5 d6 5. Nc3 exd5 6. cxd5 g6 7. Bf4 a6 8. a4 Bg7 9. e4 Bg4 10. Be2 Bxf3 11. Bxf3 0-0 12. 0-0 Qc7 13. Re1 Nbd7 14. h3 Rfe8 15. Qc2 Rab8 1/2-1/2

[Event "Rheinland Pfalz-ch MT-A 26th"]
[Site "Ludwigshafen"]
[Date "2007.07.19"]
[Round "8"]
[White "Gerstel, Uwe"]
[Black "Thieme Garmann, Alexander"]
[Result "1/2-1/2"]
[WhiteElo "2232"]
[BlackElo "2160"]
[PlyCount "26"]
[EventDate "2007.07.13"]
[EventType "tourn"]
[EventRounds "11"]
[EventCountry "GER"]
[SourceTitle "EXT 2008"]
[Source "ChessBase"]
[SourceDate "2007.11.25"]
[SourceVersion "1"]
[SourceVersionDate "2007.11.25"]
[SourceQuality "1"]

1. d4 e6 2. e4 d5 3. Nd2 Nf6 4. e5 Nfd7 5. c3 c5 6. Bd3 Nc6 7. Ngf3 cxd4 8. cxd4 Qb6 9. 0-0 Nxd4 10. Nxd4 Qxd4 11. Nf3 Qb6 12. Qa4 Qb4 13. Qc2 Qc5 1/2-1/2